Vývoj príjmových nerovností na Slovensku po roku 1993 bakalárska práca

Na minha lista:
Detalhes bibliográficos
Autor principal: Šebo, Miroslav
Autor Corporativo: Národohospodárska fakulta EU. Katedra hospodárskej politiky
Outros Autores: Štikarová, Soňa
Formato: Livro
Idioma:eslovaco
Publicado em: Bratislava 2014
Tags: Adicionar Tag
Sem tags, seja o primeiro a adicionar uma tag!

MARC

LEADER 00000nbm a2200000 4500
001 0191619
005 20221020075205.3
041 0 |a slo 
044 |a SK 
245 1 0 |a Vývoj príjmových nerovností na Slovensku po roku 1993  |b bakalárska práca  |c Miroslav Šebo ; školiteľ: Soňa Štikarová 
264 1 |a Bratislava  |c 2014 
300 |a 35 s. 
100 1 |a Šebo, Miroslav 
700 1 |a Štikarová, Soňa 
710 2 |a Národohospodárska fakulta EU. Katedra hospodárskej politiky